00469 a2200169 450000100060000008200150000609000170002110000250003824500220006325000060008526000370009130000140012850000170014294200250015999900190018495200960020392074 a297.18 NAQ c44034d44033 aUmm e Danyal Naqqash aIslaahi Kahanian a1 aLahorebZam Zam Publishersc2006 a152p.bHb aGeneral Book aCAE NUSTk297.18 NAQ c327147d327147 001040708NFICaCAEbCAEd2017-04-03l0o297.18 NAQpCAE88461r2017-04-05w2017-04-05yBK